Responses for show #3782 - Tuesday, January 30, 2001

Contestants

[<< previous game]

Louis Mrachek, a business analyst from Washington, D.C.

Cara Colbert, a billing analyst from Austin, Texas

Matt Waddell, an attorney from Flushing, New York (whose 1-day cash winnings total $10,500)

[next game >>]

Jeopardy! Round responses

THE '40s
(Alex: You're all too young to remember the '40s!)
TV OR NOT TV
MAGIC
STATE CAPITAL NICKNAMES
SO YOU WANT TO BE A FIREFIGHTER
THE ENDS IN "X" FILES
    $100 1
(L: What is platinum?)

Gold

MattLouis
    $100 6
Gerald Ford

Triple Stumper
    $100 11
Harry Houdini

Matt
    $100 14
Denver

Matt
    $100 26
Water mains

Cara
    $100 20
The Matrix

Louis
    $200 2
Winston Churchill

Cara
    $200 7
Joanie Loves Chachi

Cara
    $200 12
Wand

Cara
    $200 15
Boston

Matt
    $200 27
Smoke

Matt
    $200 21
duplex

Matt
    $300 3
Gasoline

Matt
    $300 8
Dallas

Triple Stumper
    $300 13
Close-up magic

Triple Stumper
    $300 16
Austin

Matt
    $300 28
Ladder

Louis
    $300 22
Climax

Louis
    $400 4
Dwight D. Eisenhower

Matt
    $400 9
Klingon

Matt
    $400 19
Coin

Cara
    $400 17
Little Rock, Arkansas

Louis
    $400 29
Polygraph/lie detector

Louis
    $400 23
Anthrax

Matt
    $800 5
(M: What is Woman's Day?)

Seventeen

Matt
    $500 10
Hogan's Heroes

Triple Stumper
    $500 25
David Blaine

Cara
    $500 18
Frankfort, Kentucky

Louis
    $500 30
(L: What is a nurse?)

Paramedic

CaraLouis
    $500 24
Apex

Cara

Scores at the first commercial break (after clue 13):

Matt Cara Louis
$500 $600 -$100

Scores at the end of the Jeopardy! Round:

Matt Cara Louis
$1,900 $2,600 $1,400

Double Jeopardy! Round responses

THE 4-Ts
(Alex: Each correct response will contain 4 "T"s; the letter T.)
ARCHIPELAGOS
FAMOUS FACES
MOVIE MUSICALS
SHAKESPEAREAN CHARACTERS
CONNECT THE DOTS
    $200 1
(L: What is tattletales?)

Scuttlebutt

Louis
Triple Stumper
    $200 6
(C: What is Alaska?)

Hawaii

CaraLouis
    $200 16
Martha Stewart

Cara
    $200 21
The Wiz

Cara
    $200 26
Cleopatra

Matt
    $200 11
Dorothy

Louis
    $400 2
Tattletale

Cara
    $400 7
Gulf of Alaska

Triple Stumper
    $400 17
William Howard Taft

Matt
    $400 22
The Wizard of Oz

Triple Stumper
    $400 27
York

Cara
    $400 12
Department of Transportation

Louis
    $600 3
Tattooist

Cara
    $600 8
(M: What is Indonesia?)
(C: What is Malaysia?)

Philippines

MattCara
Triple Stumper
    $600 18
Charles Dickens

Matt
    $1,000 23
Yellow Submarine

Cara
    $600 28
"Taming of the Shrew"

Matt
    $600 13
S

Louis
    $800 4
Intermittent

Louis
    $800 9
(L: What are the Columbus Islands?)

Galapagos Islands

Louis
    $800 19
Joe (Besser)

Triple Stumper
    $800 24
Grease

Matt
    $800 29
Portia

Triple Stumper
    $800 14
Dot Richardson

Cara
    $1000 5
Transubstantiation

Louis
    $1000 10
Diego Garcia

Triple Stumper
    $1000 20
Senator Joseph Biden

Matt
    $1000 25
Yentl

Cara
    $1000 30
"Troilus and Cressida"

Triple Stumper
    $1000 15
6

Triple Stumper

Scores at the end of the Double Jeopardy! Round:

Matt Cara Louis
$4,900 $6,400 $3,600

[wagering suggestions for these scores]

Final Jeopardy! Round responses

WORLD LEADERS
LouisWho was Deng Xiaopeng?
$3,600
MattWho was Mitteran
$4,898
CaraWho is ----
$3,500
Leonid Brezhnev (of the Soviet Union)

Final scores:

Matt Cara Louis
$2 $2,900 $0
2nd place: Trip to Dublin, Ireland courtesy of Priceline.com New champion: $2,900 3rd place: Boston Acoustics Digital Theater 7000

Game dynamics:

Coryat scores:

Matt Cara Louis
$5,700 $6,000 $4,400
17 R,
2 W
(including 1 DD)
16 R
(including 1 DD),
2 W
12 R,
4 W
(including 1 DD)

Combined Coryat: $16,100

The J! Archive is created by fans, for fans. The Jeopardy! game show and all elements thereof, including but not limited to copyright and trademark thereto, are the property of Jeopardy Productions, Inc. and are protected under law. This website is not affiliated with, sponsored by, or operated by Jeopardy Productions, Inc. Join the discussion at JBoard.tv.